000 00756cam a2200241 a 4500
001 000018354
005 20200929165453.0
008 740404s1973 fr 000 f fre d
040 _aDO-SdBNP
_bfre
_cLC
_dBNPHU
082 _a843.912
_bC922p
100 1 _aCressot, Joseph.
_d1882-1954.
_939750
245 1 3 _aLe pain au lievre /
_cJoseph Cressot ; prólogo Jean Guéhenno.
260 _a[Paris] :
_bStock,
_c1973.
300 _a280 p. ;
_c22 cm.
490 1 _aNature
600 1 0 _aCRESSOT, JOSEPH,
_d1882-1954.
_xBIOGRAFÍA
_939751
650 4 _aNovela francesa
_91075
650 4 _aLiteratura francesa
_ySIGLO XX
_94232
700 1 _aGuéhenno, Jean,
_epról.
_939752
830 0 _aNature
_939753
910 _aCatalogación derivada / LC
049 _aBNGR
999 _c17875
_d17875